Most Visited City in Every Country - Statistics

General Stats
  • This quiz has been taken 1,835 times
    866 since last reset
  • The average score is 119 of 196
Answer Stats
Hint Answer % Correct
France Paris
94%
Belgium Brussels
92%
Germany Berlin
91%
United Kingdom London
91%
Austria Vienna
91%
Greece Athens
90%
Ireland Dublin
90%
Russia Moscow
90%
Spain Barcelona
89%
Netherlands Amsterdam
88%
Hungary Budapest
88%
Finland Helsinki
88%
Norway Oslo
88%
Czech Republic Prague
88%
Denmark Copenhagen
87%
Portugal Lisbon
87%
Belarus Minsk
87%
Monaco Monaco
87%
Sweden Stockholm
87%
Vatican city Vatican city
87%
Luxembourg Luxembourg
86%
Japan Tokyo
85%
Italy Venice
85%
Iceland Reykjavik
84%
San Marino San Marino
84%
United States New York City
83%
Romania Bucharest
82%
India Delhi
82%
Turkey Istanbul
82%
Bosnia & Herzegovina Sarajevo
82%
Albania Tirana
82%
Andorra Andorra La Vella
81%
United Arab Emirates Dubai
81%
Latvia Riga
81%
South Korea Seoul
81%
China Shanghai
81%
Estonia Tallinn
81%
Thailand Bangkok
80%
Singapore Singapore
80%
Serbia Belgrade
79%
Egypt Cairo
79%
Israel Jerusalem
79%
Afghanistan Kabul
79%
Philippines Manila
77%
Australia Sydney
77%
Malaysia Kuala Lumpur
76%
Brazil Rio de Janeiro
76%
Taiwan Taipei
76%
Iran Tehran
76%
Canada Toronto
76%
Lithuania Vilnius
76%
Slovakia Bratislava
75%
Argentina Buenos Aires
75%
North Korea Pyongyang
75%
Azerbaijan Baku
74%
Bangladesh Dhaka
74%
Qatar Doha
74%
Poland Krakow
74%
South Africa Cape Town
73%
Switzerland Geneva
73%
Cuba Havana
73%
Kuwait Kuwait city
73%
Slovenia Ljubljana
73%
Liechtenstein Vaduz
73%
Malta Valletta
73%
Algeria Algiers
72%
Lebanon Beirut
72%
Vietnam Ho Chi Minh City
72%
Peru Lima
72%
Colombia Bogota
71%
Chile Santiago
71%
North Macedonia Skopje
71%
Syria Damascus
70%
Nepal Kathmandu
70%
Nigeria Lagos
70%
Kosovo Pristina
70%
Mongolia Ulaanbaatar
70%
Moldova Chisinau
69%
Kenya Nairobi
69%
Venezuela Caracas
68%
Morocco Casablanca
68%
Cyprus Nicosia
68%
Jordan Amman
67%
Panama Panama City
67%
Montenegro Podgorica
67%
Georgia Tbilisi
67%
Tunisia Tunis
67%
Ethiopia Addis Ababa
66%
New Zealand Auckland
66%
Uruguay Montevideo
66%
Yemen Sana'a
66%
Armenia Yerevan
66%
St. Vincent & the Grenadines Kingstown
65%
Oman Muscat
65%
Ecuador Quito
65%
Croatia Split
65%
Djibouti Djibouti
64%
Pakistan Karachi
64%
Bolivia La Paz
64%
Libya Tripoli
64%
Sri Lanka Colombo
63%
Guatemala Guatemala City
63%
Congo (Dem. Rep.) Kinshasa
63%
Angola Luanda
62%
Ukraine Odessa
62%
Haiti Port-Au-Prince
62%
El Salvador San Salvador
62%
Senegal Dakar
61%
Indonesia Denpasar
61%
Maldives Male
61%
Uzbekistan Tashkent
61%
Costa Rica San Jose
60%
Dominican Republic Santo Domingo
60%
Ghana Accra
59%
Bahrain Manama
59%
Bahamas Nassau
59%
Laos Vientiane
59%
Paraguay Asuncion
58%
Saudi Arabia Jeddah
58%
Guyana Georgetown
57%
Sudan Khartoum
57%
Turkmenistan Ashgabat
56%
Kyrgyzstan Bishkek
56%
East Timor Dili
56%
Sierra Leone Freetown
56%
Congo (Rep.) Brazzaville
55%
Bhutan Thimphu
55%
Guinea-Bissau Bissau
54%
Madagascar Antananarivo
53%
Tajikistan Dushanbe
53%
São Tomé & Principe São Tomé
53%
Kazakhstan Almaty
52%
Zimbabwe Harare
52%
Uganda Kampala
52%
Brunei Bandar Seri Begawan
51%
Rwanda Kigali
50%
Papua New Guinea Port Moresby
50%
Mali Bamako
49%
South Sudan Juba
49%
Nicaragua Managua
49%
Mozambique Maputo
49%
Burkina Faso Ouagadougou
49%
Suriname Paramaribo
49%
Trinidad & Tobago Port of Spain
49%
Seychelles Victoria
49%
Myanmar Yangon
49%
Botswana Gaborone
48%
Zambia Lusaka
48%
Liberia Monrovia
48%
Chad N'Djamena
48%
Fiji Suva
48%
Niger Niamey
47%
Honduras Tegucigalpa
47%
Eritrea Asmara
46%
Guinea Conakry
46%
Gabon Libreville
46%
Togo Lome
46%
Central African Republic Bangui
44%
Barbados Bridgetown
44%
Ivory Coast Abidjan
43%
Mauritius Port Louis
43%
Malawi Lilongwe
42%
Mauritania Nouakchott
42%
Antigua & Barbuda St. John's
42%
Bulgaria Varna
42%
Mexico Tijuana
41%
Dominica Roseau
40%
Samoa Apia
39%
Equatorial Guinea Malabo
39%
Lesotho Maseru
39%
Grenada St. George's
39%
Eswatini Mbabane
38%
Comoros Moroni
38%
St. Lucia Castries
36%
Tuvalu Funafuti
35%
Vanuatu Port Vila
35%
St. Kitts & Nevis Basseterre
34%
Solomon Islands Honiara
33%
Nauru Yaren
33%
Benin Cotonou
32%
Cameroon Douala
32%
Tonga Nuku'alofa
32%
Burundi Bujumbura
31%
Kiribati South Tarawa
31%
Cambodia Siem Reap
25%
Jamaica Montego Bay
24%
Somalia Hargeisa
14%
Tanzania Arusha
13%
Palau Koror
12%
Namibia Walvis Bay
12%
Belize San Pedro
8%
Gambia Serrekunda
8%
Iraq Karbala
7%
Micronesia (Fed. States) Pohnpei
5%
Cape Verde Santa Maria
4%
Marshall islands Kwajalein
1%
No matching quizzes found
Score Distribution
Percent of People with Each Score
Percentile by Number Answered
Your Score History
You have not taken this quiz since the last reset